000 00419nam a2200157Ia 4500
003 OSt
005 20230602115046.0
008 211028s2011 xx 000 0 und d
040 _cAIMIT LIBRARY
041 _aeng
100 _aMuthappa, Ajay; Manibushan.
_98256
_e091902
110 _aManibushan
_98257
245 _aOrder NPR RFQ and item catalog management system.
260 _aMangalore
_c2011
942 _2ddc
_cPRO
999 _c219797
_d219797